000 00508nam a2200169 u 4500
001 000784752
003 AM-YeHGA
005 20250617144050.0
008 110125s1971 ru r 000 0 rus d
040 _aAM-YeHGA
041 0 _arus
100 1 _aМарков, Алексей Яковлевич
245 1 0 _aСпор :
_bСтихи /
_cАлексей Марков.
260 _aМосква :
_bСов. Россия,
_c1971.
653 0 _aРусская совeтская поэзия
090 _c288520
999 _c286854
_d286854